|
|
|
|
| LEADER |
01018nam a2200229 a 4500 |
| 001 |
GR-Patra14293 |
| 008 |
010706s gr 000 b gre d |
| 020 |
|
|
|a 9602744340
|
| 040 |
|
|
|a GrPaTEI
|b gre
|c GR-PaULI
|
| 040 |
|
|
|a GrPaTEI
|b gre
|c GR-PaULI
|
| 084 |
|
|
|a Μ
|
| 100 |
1 |
|
|a Rowling, J.K.
|
| 245 |
1 |
2 |
|a Ο Χάρι Πότερ και ο αιχμάλωτος του Αζκαμπάν /
|c Τζ. Κ. Ρόουλινγκ ; μετάφραση: Καίτη Οικονόμου.
|
| 260 |
|
|
|a Αθήνα :
|b εκδόσεις Ψυχογιός,
|c 1999
|
| 300 |
|
|
|a 459σ.
|
| 500 |
|
|
|a Τίτλος πρωτοτύπου: Harry Potter and the prisoner of Azkaban
|
| 650 |
|
4 |
|a Ξένη λογοτεχνία
|x Μυθιστόρημα
|
| 700 |
1 |
|
|a Οικονόμου, Καίτη
|
| 942 |
|
|
|2 ddc
|
| 952 |
|
|
|0 1
|1 0
|2 ddc
|4 0
|6 Μ_ROW
|7 0
|9 293271
|a LISK
|b LISK
|c BSC
|d 2021-01-17
|e 24
|f 0
|g 0.00
|l 0
|o Μ ROW
|p 92410017171
|r 2021-01-17 00:00:00
|t 1
|w 2021-01-17
|y BK15
|x 20010706 0 1
|x GrPaTEI
|
| 971 |
|
|
|a .b26618084
|b 16-04-20
|c 23-09-16
|
| 999 |
|
|
|c 171431
|d 171431
|